ARRUPE JESUIT UNIVERSITY

CORONAVIRUS -STOP THE SPREAD - CLEAN,DISINFECT,COVER
Normal view MARC view

Entry Personal Name

Number of records used in: 4

001 - CONTROL NUMBER

  • control field: 11963

003 - CONTROL NUMBER IDENTIFIER

  • control field: ARRUPE

005 - DATE AND TIME OF LATEST TRANSACTION

  • control field: 20141002142923.0

008 - FIXED-LENGTH DATA ELEMENTS

  • fixed length control field: 141002|| aca||aabn | a|a d

040 ## - CATALOGING SOURCE

  • Original cataloging agency: ARRUPE
  • Transcribing agency: ARRUPE

100 ## - HEADING--PERSONAL NAME

  • Personal name: Jesus Christ
  • General subdivision: History of doctrines
  • Chronological subdivision: 20th century.

670 ## - SOURCE DATA FOUND

  • Source citation: Work cat.: (ARRUPE)0: Dunn, James D. G., 1939- 3332, A new perspective on Jesus :, c2005.

 

Arrupe Library. PO Box MP320 Mt Pleasant, Harare, Zimbabwe
263 242 745411|librarian@aju.ac.zw